| 000 | 00799cam a22002414a 4500 | ||
|---|---|---|---|
| 008 | |||
| 020 | _a9780797441484 (pbk.) | ||
| 049 | _aMAIN | ||
| 090 | 0 |
_aJS7643.7.A15 _bPOL |
|
| 245 | 0 | 0 |
_aPolitical participation in Zimbabwe / _cedited by David Kaulemu. |
| 260 |
_aHarare : _bAfrican Forum for Catholic Social Teaching, _c2010. |
||
| 300 |
_axii, 292 p. ; _c21 cm. |
||
| 504 | _aIncludes bibliographical references. | ||
| 650 | 0 |
_aPolitical participation _zZimbabwe. |
|
| 651 | 0 |
_aZimbabwe _xPolitics and government. |
|
| 700 | 1 | _aKaulemu, David. | |
| 710 | 2 | _aAfrican Forum for Catholic Social Teachings. | |
| 907 |
_a.b10334646 _b03-09-13 _c02-09-13 |
||
| 003 | |||
| 005 | 20230123122026.0 | ||
| 040 | _cNUST | ||
| 942 |
_cBOOKS _kJS7643.7.A15 _mPOL |
||
| 999 |
_c126509 _d126509 |
||